Statistics for Island Countries that Start with a G, H or I

Click here to take the quiz!

General Stats

  • This quiz has been taken 143 times
  • The average score is 4 of 5

Answer Stats

Country% Correct
Haiti
94%
Indonesia
87%
Grenada
82%
Iceland
81%
Ireland
79%

Score Distribution

Percentile by Number Answered

Percent of People with Each Score

Your Score History

You have not taken this quiz